Cơ sở khoa học vê xây dựng và phát triển giai cấp công nhân trong công cuộc đổi mới hiện nay /

Spremljeno u:
Bibliografski detalji
Glavni autor: Trần Nguyễn Tuyên, PGS.TSKH.
Format: Članak
Jezik:Vietnamese
Teme:
Oznake: Dodaj oznaku
Bez oznaka, Budi prvi tko označuje ovaj zapis!
Thư viện lưu trữ: Thư viện Trường Đại học Đà Lạt
LEADER 00938nam a2200289 4500
001 DLU090103239
005 ##20091230
040 # # |a DLU  |b vie 
041 # # |a vie 
044 # # |a vn 
100 # # |a Trần Nguyễn Tuyên,   |c PGS.TSKH. 
245 # # |a Cơ sở khoa học vê xây dựng và phát triển giai cấp công nhân trong công cuộc đổi mới hiện nay /  |c Trần Nguyễn Tuyên. 
653 # # |a Đoàn kết dân tộc 
653 # # |a Đoàn kết quốc tế 
653 # # |a Chủ nghĩa tư bản 
653 # # |a Chủ nghĩa xã hội 
653 # # |a Giai cấp công nhân 
773 # # |t Quản lí nhà nước  |g Số8(151), 2008, tr. 2-6 
920 # # |a Phòng Tạp chí -- Trung tâm Thông tin - Thư viện Trường Đại học Đà Lạt 
994 # # |a DLU 
900 # # |a True 
911 # # |a Nguyễn Thị Linh Chi 
925 # # |a G 
926 # # |a A 
927 # # |a BB 
980 # # |a Thư viện Trường Đại học Đà Lạt